New Zealand Ministries - Statistics

General Stats
  • This quiz has been taken 59 times
    58 since last reset
  • The average score is 10 of 31
Answer Stats
ministry % Correct
education
87%
health
71%
defence
68%
finance
65%
justice
61%
foreign affairs
58%
transport
58%
social development
52%
agriculture
48%
Maori development
48%
environment
45%
police
39%
primary industries
32%
arts, culture & heritage
29%
attorney-general
29%
immigration
29%
fisheries
26%
internal affairs
26%
trade
19%
courts
16%
economic development
16%
infrastructure
16%
labour
16%
commerce and consumer affairs
16%
civil defence
13%
customs
13%
revenue
13%
ethnic communities
6%
local government
3%
workplace health & safety
3%
community and voluntary sector
0%
No matching quizzes found
Score Distribution
Percent of People with Each Score
Percentile by Number Answered
Your Score History
You have not taken this quiz since the last reset